000 00468 a2200169 4500
003 OSt
005 20231205102940.0
008 231205b |||||||| |||| 00| 0 eng d
020 _a9789355492197
040 _coclc
082 _a920
_bNEH/A
100 _aNehru, Jawaharlal
_93188
245 _aAtmakatha /
_cJawaharlal Nehru
260 _aKozhikode:
_bMathrubhumi Books,
_c2022.
300 _a738p.
942 _2ddc
_cBK
_h920
_iNEH/A
_k920
_mNEH/A
999 _c43973
_d43973